Eurovision 2025 - San Marino - Statistics

General Stats
  • This quiz has been taken 33 times
  • The average score is 133 of 252
Answer Stats
Answer % Correct
Tutta
100%
tutta
100%
l'Italia
96%
ma
79%
Ma
79%
a
71%
A
71%
(Hey)
68%
I
68%
i
68%
Mamma
68%
sta
68%
'sta
68%
Pa-para-rara-ra
64%
Para-rara-ra
64%
para-rara-ra
64%
se
64%
e
61%
E
61%
la
61%
La
61%
ci
57%
stasera
57%
non
54%
ritorno
54%
amo
50%
di
50%
roba
50%
ti
50%
Ti
50%
ballare
46%
con
46%
Con
46%
Fa
46%
fa
46%
in
46%
le
46%
Le
46%
Padre
46%
salta
46%
Spaghetti
46%
vino
46%
bicchiere
43%
mano
43%
nostro
43%
Siamo
43%
tutti
43%
un
43%
Va
43%
bravi
39%
dei
39%
felici
39%
letto
39%
Parigi
39%
poi
39%
posto
39%
Quanti
39%
amici
36%
Avanti
36%
avanti
36%
baci
36%
bene
36%
Che
36%
che
36%
degli
36%
dirci
36%
dita
36%
dormo
36%
finisco
36%
Lasciateci
36%
lo
36%
luci
36%
nere
36%
Occhi
36%
One,
36%
qualche
36%
qui
36%
ragazzi
36%
ride
36%
sente
36%
sicuro
36%
three,
36%
two,
36%
canti
32%
Il
32%
lei
32%
mai
32%
niente
32%
popolo
32%
stradine
32%
tra
32%
vietati
32%
altri
29%
baby
29%
calci
29%
cosi
29%
Domani
29%
four!
29%
lampeggianti
29%
l'hai
29%
sentita
29%
sulle
29%
tristi
29%
vita
29%
avanzi
25%
blu
25%
calcio
25%
Cucina
25%
desideri
25%
grita
25%
moda
25%
passano
25%
quante
25%
santissimo
25%
sento
25%
stellata
25%
stracci
25%
beato
21%
Craxi
21%
d'oro
21%
L'auto
21%
pentiamo
21%
son
21%
canottiere
18%
collanine
18%
Gioco-o-onda
18%
mo-o-onetine
18%
ne-nelle
18%
prendono
18%
No matching quizzes found
Score Distribution
Percent of People with Each Score
Percentile by Number Answered
Your Score History
You have not taken this quiz